Molecules and crystals in inorganic chemistry / (Record no. 9790)
[ view plain ]
| 000 -LEADER | |
|---|---|
| fixed length control field | 00823nam a22002771 4500 |
| 001 - CONTROL NUMBER | |
| control field | 9790 |
| 003 - CONTROL NUMBER IDENTIFIER | |
| rucl marc code | BD-RjUL |
| 005 - DATE AND TIME OF LATEST TRANSACTION | |
| control field | 20211208234834.0 |
| 008 - FIXED-LENGTH DATA ELEMENTS--GENERAL INFORMATION | |
| fixed length control field | 140121s1956 nyua 000 0 eng |
| 035 ## - SYSTEM CONTROL NUMBER | |
| System control number | (BD-RjUL)9835 |
| 040 ## - CATALOGING SOURCE | |
| Original cataloging agency | DLC/ICU |
| Transcribing agency | ICU |
| Language of cataloging | eng |
| Modifying agency | BD-RjUL |
| 041 1# - LANGUAGE CODE | |
| Language code of text/sound track or separate title | engdut |
| 082 00 - DEWEY DECIMAL CLASSIFICATION NUMBER | |
| Classification number | 541.39 |
| Author mark and year | ARM 1956 |
| 100 1# - MAIN ENTRY--PERSONAL NAME | |
| Personal name | Arkel, Anton Eduard van, |
| Dates associated with a name | 1893- |
| 9 (RLIN) | 30272 |
| 245 10 - TITLE STATEMENT | |
| Title | Molecules and crystals in inorganic chemistry / |
| Statement of responsibility, etc. | Anton Eduard van Arkel. |
| 250 ## - EDITION STATEMENT | |
| Edition statement | [2d ed. in English]. |
| 260 ## - PUBLICATION, DISTRIBUTION, ETC. (IMPRINT) | |
| Place of publication, distribution, etc. | New York : |
| Name of publisher, distributor, etc. | Interscience Publishers, |
| Date of publication, distribution, etc. | 1956. |
| 300 ## - PHYSICAL DESCRIPTION | |
| Pagination | 270 p. : |
| Illustrations | illus. ; |
| Size | 23 cm. |
| 504 ## - BIBLIOGRAPHY, ETC. NOTE | |
| Bibliography, etc | Includes index. |
| 650 #0 - SUBJECT ADDED ENTRY--TOPICAL TERM | |
| Topical term or geographic name as entry element | Valence (Theoretical chemistry) |
| 9 (RLIN) | 29543 |
| Topical term or geographic name as entry element | Molecules. |
| 9 (RLIN) | 30273 |
| Topical term or geographic name as entry element | Crystals. |
| 9 (RLIN) | 30274 |
| 942 ## - ADDED ENTRY ELEMENTS (KOHA) | |
| Source of classification or shelving scheme | Dewey Decimal Classification |
| Koha item type | Books |
| Lost status | Source of classification or shelving scheme | Damaged status | Not for loan | Collection code | Permanent Location | Current Location | Shelving location | Date acquired | Source of acquisition | Cost, normal purchase price | Total Checkouts | Full call number | Date last seen | Copy number | Koha item type |
|---|---|---|---|---|---|---|---|---|---|---|---|---|---|---|---|
| Dewey Decimal Classification | Non-fiction | Central Library, University of Rajshahi | Central Library, University of Rajshahi | Reading Room | 29/01/1958 | B.H. Blackwell | 1.10 | 541.39 ARM 1956 | 21/01/2014 | C-1 | Books |